000
00302nam a22001337a 4500
020
_a
9780756690564
082
_a
635.
_b
POL/FR
245
_a
Fruit and Vegetable Grading
250
_a
1
260
_a
New York
_b
D K Publishing
_c
2012
300
_a
272
700
_a
Pollock,Michael
_9
1298
942
_c
BBS
999
_c
14736
_d
14736